02687nam a2200409Ia 450000500170000000800410001702000150005804100080007308200160008110000290009724500910012625000220021730000470023949000270028665000390031365100480035294200120040026400270041233600270043933700330046633800280049904000350052799900150056295201290057795201330070695201310083995201300097095201290110095201330122995201290136295201370149195201280162895201320175695201290188895201300201795201300214720220316235540.0121119s2000 sp ab 000 0 spa  a842063784X0 aspa04a973.8bA73e1 aAsimov, Isaacd1920-199214aLos Estados Unidos desde la guerra civil hasta la primera guerra mundialcIsaac Asimov aPrimera edición a293 páginasbilustraciones, mapasc18 cm0 aHumanidades : Historia14aGuerra Mundial I, 1914-1918 2LEMB14aEstados UnidosxHistoria ySiglo XIX938687 2ddccBK aMadrid bAlianzac2000 atextobtxt2rdacontent asin mediaciónbn2rdamedia avolumenbnc2rdacarrier aCO-BoRNBPbspaerdacCO-BoRNBP c1322d1322 00102ddc40708GENaMEPRICObMEPRICOcGENd2023-04-11l0o973.8A73epPR00000935r2023-04-11 00:00:00tEj.1w2023-04-11yBK 00102ddc40708GENaMEGUAMALbMEGUAMALcGENd2023-04-20l0o973.8 A73epGUA003306r2023-04-20 00:00:00tEj.1w2023-04-20yBK 00102ddc40708GENaMEFTEORObMEFTEOROcGENd2023-05-23l0o973.8 A73epFo0000746r2023-05-23 00:00:00tEj.1w2023-05-23yBK 00102ddc40708GENaMESARAMAbMESARAMAcGENd2023-05-29l0o973.8 A73epSJA00077r2023-05-29 00:00:00tEj.1w2023-05-29yBK 00102ddc40708GENaMECASTILbMECASTILcGENd2023-08-16l0o973.8 A73epEC01364r2023-08-16 20:12:02tEj.1w2023-08-16yBK 00102ddc40708GENaMEMAPIRIbMEMAPIRIcGENd2024-01-11l0o973.8 A73epMAP00001688r2024-01-11 14:28:38tEj.1w2024-01-11yBK 00102ddc40708GENaMESMARTIbMESMARTIcGENd2024-03-16l0o973.8 A73epSM03368r2024-03-16 13:37:10tEj.1w2024-03-16yBK 00102ddc4070aMEVHERMObMEVHERMOd2024-06-13k973.8 A73e Ej.1l0o973.8pVIST 0001305r2024-06-13 15:18:55tEj.1w2024-06-13yBK 00102ddc40708GENaMECUMARAbMECUMARAcLITd2024-07-22l0o973.8A73epCUM1259r2024-07-22 10:28:47tEj.1w2024-07-22yBK 00102ddc40708GENaMEPLLERASbMEPLLERAScGENd2025-01-24l0o973.8 A73epPLL01838r2025-01-24 11:16:26tEj.1w2025-01-24yBK 00102ddc40708GENaMESGUARObMESGUAROcGENd2025-07-07l0o973.8 A73epSG03559r2025-07-07 15:54:00tEj.1w2025-07-07yBK 00102ddc40708GENaMEPLOPEZbMEPLOPEZcGENd2025-09-26l0o973.8 A73epPLZ04071r2025-09-26 17:20:32tEj.1w2025-09-26yBK 00102ddc40708GENaMELEJANIbMELEJANIcGENd2025-12-11l0o973.8 A73epLEJ01685r2025-12-11 21:17:58tEj.1w2025-12-11yBK